ბათუმის შოთა რუსთაველის სახელმწიფო უნივერსიტეტის ბიბლიოთეკა

ოთარ ბურჯანაძე / (ბიბ.ჩანაწერი № 50910)

000 -ლიდერი
ფიქსირებული სიგრძის საკონტროლო ველი 00949nam a2200241Ia 4500
001 - საკონტროლო ნომერი
საკონტროლო ველი 17865
003 - საკონტროლო ნომრის იდენტიფიკატორი
საკონტროლო ველი GE_BSU
005 - ბოლო ოპერაციის თარიღი და დრო
საკონტროლო ველი 20200226152541.0
008 - ფიქსირებული სიგრძის მონაცემთა ელემენტები - ზოგადი ინფორმაცია
ფიქსირებული სიგრძის საკონტროლო ველი 181216s2015 xx |||||||||||||| ||geo||
020 ## - წიგნის საერთაშორისო სტანდარტული ნომერი
International Standard Book Number 9789941450983
040 ## - კატალოგიზაციის წყარო
Transcribing agency GE_BSU
041 ## - ენის კოდი
Language code of text/sound track or separate title geo
080 ## - უნივერსალური ათობითი კლასიფიკაციის ინდექსი
Universal Decimal Classification number 61 ა-61
100 ## - მთავარი ჩანაწერი - პიროვნების სახელი
Personal name ანასაშვილი, მარადი.
9 (RLIN) 1850
245 ## - ცნობა სათაურის შესახებ
Title ოთარ ბურჯანაძე /
Statement of responsibility, etc მარადი ანასაშვილი ; რედ. ნანა გელაშვილი.
264 ## - წარმოების, გამოცემის, დისტრიბუციის და სხვა ცნობები
გამოცემის, წარმოების, დისტრიბუციის... ადგილი თბილისი :
გამოცემის, წარმოების, დისტრიბუციის... სახელწოდება გამ-ბა "მწიგნობარი,
გამოცემის, წარმოების, დისტრიბუციის... თარიღი 2015.
300 ## - ფიზიკური აღწერა
Extent 295 გვ. ;
Other physical details სურ.
Dimensions 21სმ.
Accompanying material +1CD
520 ## - SUMMARY, ETC.
Summary, etc რეზიუმე გვ.273-277
653 ## - INDEX TERM--UNCONTROLLED
Uncontrolled term ოთარ ბურჯანაძე
653 ## - INDEX TERM--UNCONTROLLED
Uncontrolled term მედიცინა
700 ## - ADDED ENTRY--PERSONAL NAME
Personal name გელაშვილი, ნანა
Relator term რედაქტორი
9 (RLIN) 7506
942 ## - ADDED ENTRY ELEMENTS (KOHA)
Koha item type წიგნი
Source of classification or shelving scheme
ეგზემპლარები
ჩამოწერის სტატუსი დაკარგული ეგზემპლარის სტატუსი კლასიფიკაციის წყარო ან თაროზე გაწყობის სქემა დაზიანების სტატუსი არ გაიცემა მუდმივი მდებარეობა (დაცვის ადგილი) ამჟამინდელი ადგილსამყოფელი თაროზე განთავსების ადგილი შეძენის თარიღი სრული შენახვის შიფრი შტრიხკოდი ბოლო ოპერაციის თარიღი ეგზემპლარის მიმდევრობითი ნომერი (კეტერი?) ფასის ძალაში შესვლის თარიღი ეგზემპლარის სახეობა
          ბათუმის შოთა რუსთაველის სახელმწიფო უნივერსიტეტის მთავარი ბიბლიოთეკა ბათუმის შოთა რუსთაველის სახელმწიფო უნივერსიტეტის მთავარი ბიბლიოთეკა წიგნსაცავი 2018-12-17 61 ა-61 45732 2018-12-17 45732 2018-12-17 წიგნი